000 00277nam a22001097a 4500
008 160614b xxu||||| |||| 00| 0 eng d
020 _a0721604463
041 _aeng
080 _a618.2
245 _aMedical surgical nursing:
_cDonna Ignatavicius; Linda Workman;
942 _2udc
_cBK
999 _c2507
_d2507